000
00321nam a2200145Ia 4500
100
_a
Yogananda/Paramahansa
650
_a
General
942
_c
BK
654
_a
autobiography
245
_a
Autobiography of a Yogi
260
_b
Yogananda Satsanga soc
_c
2003
082
_a
920
_b
YOG
300
_a
499
546
_a
ENGLISH
999
_c
26897
_d
26897